El terror como política exterior de Estados Unidos / (Record no. 66694)

MARC details
000 -LEADER
campo de control de longitud fija 00852nam a2200253 i 4500
001 - NÚMERO DE CONTROL
campo de control 66694
003 - IDENTIFICADOR DE NÚMERO DE CONTROL
campo de control ES-MaACL
005 - FECHA Y HORA DE LA ÚLTIMA TRANSACCIÓN
campo de control 20250830232212.0
007 - CAMPO FIJO DE DESCRIPCIÓN FÍSICA--INFORMACIÓN GENERAL
campo de control de longitud fija t|
008 - DATOS DE LONGITUD FIJA--INFORMACIÓN GENERAL
campo de control de longitud fija 040323s2002 ag ||||1| spa d
020 ## - NÚMERO INTERNACIONAL ESTÁNDAR DEL LIBRO
Número Internacional Estándar del Libro 987-1081-00-6
080 ## - NÚMERO DE LA CLASIFICACIÓN DECIMAL UNIVERSAL
Número de la Clasificación Decimal Universal 327.2(73)
100 1# - ENTRADA PRINCIPAL--NOMBRE DE PERSONA
Nombre de persona Chomsky, Noam,
Fechas asociadas al nombre 1928-
9 (RLIN) 38607
245 13 - MENCIÓN DEL TÍTULO
Título El terror como política exterior de Estados Unidos /
Mención de responsabilidad, etc. Noam Chomsky ; [traducción Carol Abousleiman, Octavio Kulesz].
250 ## - MENCION DE EDICION
Mención de edición [5ª ed.], 4ª reimp.
260 ## - PUBLICACIÓN, DISTRIBUCIÓN, ETC.
Lugar de publicación, distribución, etc. Buenos Aires :
Nombre del editor, distribuidor, etc. Libros del Zorzal,
Fecha de publicación, distribución, etc. [2002]
300 ## - DESCRIPCIÓN FÍSICA
Extensión 121 p. ;
Dimensiones 18 cm.
650 ## - PUNTO DE ACCESO ADICIONAL DE MATERIA--TÉRMINO DE MATERIA
Término de materia o nombre geográfico como elemento de entrada Imperialismo-
Subdivisión geográfica Estados Unidos.
9 (RLIN) 13601
651 #7 - PUNTO DE ACCESO ADICIONAL DE MATERIA--NOMBRE GEOGRÁFICO
Nombre geográfico Estados Unidos-
Subdivisión general Política exterior-
Subdivisión cronológica S.XXI
Fuente del encabezamiento o término
9 (RLIN) 144134
700 1# - ENTRADA AGREGADA--NOMBRE PERSONAL
Nombre de persona Abousleiman, Carol.
9 (RLIN) 18116
700 1# - ENTRADA AGREGADA--NOMBRE PERSONAL
Nombre de persona Kulesz, Octavio.
9 (RLIN) 69006
852 ## - LOCALIZACIÓN
Ubicación ES-MaACL
Número de control de estantería L-27134
Sublocalización o colección R.132719
Holdings
Estatus retirado Estado de pérdida Estado de daño No para préstamo Biblioteca de origen Biblioteca actual Ubicación en estantería Fecha de adquisición Fuente de adquisición Total de préstamos Signatura topográfica completa Código de barras Visto por última vez Precio de reemplazo Tipo de ítem Koha
        Biblioteca del Ateneo de Madrid Biblioteca del Ateneo de Madrid Depósito 2 17/01/2008     L-27134 1069859 23/02/2023 23/02/2023 Libro impreso